01515cam a2200373 a 450000100100000000500170001000800410002702000150006804000290008308200180011224502400013026000310037030000210040149000100042250400290043261000520046165000580051365000480057170000250061970000280064470000290067270000270070170000330072870000290076170000270079070000250081770000280084271000720087083000170094291000340095904900090099395201220100299900170112400001296620200929163118.0900315s1989 sp b 001 0 spa d a8475841082 aDO-SdBNPbspacLCdBNPHU a324.246bP96303aEl proceso del P.O.U.M. (junio de 1937-octubre de 1938) :btranscripción del sumario, juicio oral y sentencia del tribunal especial /cpresentación y notas Victor Alba y Marisa Ardevol ; colaboración Manuel Alberich ... [et al.]. aBarcelona :bLerna,c1989. a577 p. ;c20 cm.1 aFilae aBibliografía: 569-570.20aPARTIDO OBRERO DE UNIFICACIÓN MARXISTA929891 4aCommunist trialszPartidos PoliticoszEspaña929892 4aCrimenes de lesa humanidadzEspaña9298931 aAlba, Victor.9298941 aArdevol, Marisa.9298951 aAlberich, Manuel.9298961 aClop, Salvador.9298971 aPadrós, Sebastià.9298981 aPanadés, Enric.9298991 aRocabert, Joan.9299001 aRomeu, Pilar.9299011 aSardà, Rafael.9299021 aEspaña.bTribunal Especial de Espionaje y Alta Traición.929903 0aFilae929904 aCatalogación por copia / LC aBNGR 001054708MOaGRbGRcCTd2009-11-18iLF1l0o324.246 P963p12966-10r2020-06-25w2020-06-25y4ZPréstamo en sala c12613d12613